Odgadnij model Nysy po zdjęciu - Statystyki

Ogólne statystyki
  • Ten quiz został rozwiązany 3 razy
  • Średni wynik to 7 z 11
Statystyki odpowiedzi
Obrazkowy Odpowiedź % Poprawnych
Nysa 522
100%
Nysa 325
67%
Nysa 521
67%
Nysa N57
67%
Nysa N58
67%
Nysa N59
67%
Nysa N60
67%
Nysa N63
67%
Nysa 501
33%
Nysa 503
33%
Nysa N59
33%
Nie znaleziono quizów pasujących do podanych kryteriów
Rozkład punktacji
Procent ludzi z każdym wynikiem
Percentyl według liczby udzielonych odpowiedzi
Twoja historia wyników
Nie rozwiązałeś tego quizu